000 00347pam a2200133a 44500
008 230405s2008 xxu||||| |||| 00| 0 eng d
041 _aENG
100 _aPETER WATT /ARMSTRONG A
245 _aTABLET AND CAPSULE MACHINE INSTRUMENTATION
250 _a1
260 _aNEW YORK
_bJOHN WILLY & SONS NEW YORK
_c2008
300 _a258
906 _a4170
999 _c269609
_d269609